Mind, matter and quantum mechanics /

Bibliographic Details
Main Author: Stapp, Henry P.
Corporate Author: SpringerLink (Online service)
Format: eBook
Language:English
Published: Berlin : Springer, [2009]
Edition:3rd ed.
Series:Frontiers collection.
Subjects:
Online Access:Connect to the full text of this electronic book

MARC

Tag First Indicator Second Indicator Subfields
LEADER 00000cam a2200000Ia 4500
001 in00002452257
005 20210727085722.0
006 m d
007 cr cn|||||||||
008 090415s2009 gw a sb 001 0 eng d
020 |a 3540896546 
020 |a 9783540896548 
035 |a (OCoLC)318545658 
035 |a (OCoLC)ocn318545658 
035 |a 3172702 
037 |a 978-3-540-89653-1  |b Springer  |n http://www.springerlink.com 
040 |a GW5XE  |b eng  |c GW5XE  |d YDXCP  |d UtOrBLW 
049 |a TEFA 
050 1 4 |a QC174.12  |b .S73 2009 
082 0 4 |a 530.12  |2 22 
100 1 |a Stapp, Henry P.  |0 http://id.loc.gov/authorities/names/n85800567 
245 1 0 |a Mind, matter and quantum mechanics /  |c Henry P. Stapp. 
250 |a 3rd ed. 
264 1 |a Berlin :  |b Springer,  |c [2009] 
264 4 |c ©2009 
300 |a xv, 300 pages :  |b illustrations ;  |c 25 cm. 
336 |a text  |b txt  |2 rdacontent 
337 |a computer  |b c  |2 rdamedia 
338 |a online resource  |b cr  |2 rdacarrier 
490 1 |a The frontiers collection 
500 |a Electronic resource. 
500 |a Previous edition: 2004. 
504 |a Includes bibliographical references and index. 
533 |a Electronic reproduction.  |b New York :  |c Springer,  |d 2009.  |n Mode of access: World Wide Web.  |n System requirements: Web browser.  |n Title from title screen (viewed on Apr. 6, 2009).  |n Access may be restricted to users at subscribing institutions. 
650 0 |a Mind and body.  |0 http://id.loc.gov/authorities/subjects/sh85085488 
650 0 |a Physics  |x Philosophy.  |0 http://id.loc.gov/authorities/subjects/sh85101663 
650 0 |a Quantum theory.  |0 http://id.loc.gov/authorities/subjects/sh85109469 
655 7 |a Electronic books.  |2 local 
710 2 |a SpringerLink (Online service)  |0 http://id.loc.gov/authorities/names/no2005046756 
776 1 |c Original  |z 9783540896531  |z 3540896538  |z 3540896546  |z 9783540896548  |w (OCoLC)310158843 
830 0 |a Frontiers collection.  |0 http://id.loc.gov/authorities/names/n2003012601 
856 4 0 |u http://proxy.library.tamu.edu/login?url=https://dx.doi.org/10.1007/978-3-540-89654-8  |z Connect to the full text of this electronic book  |t 0 
938 |a YBP Library Services  |b YANK  |n 3013442 
994 |a C0  |b TEF 
999 |a MARS 
999 f f |s 65fcdcb6-fde4-3040-b984-45a677325682  |i 62b03635-bfb0-3c15-b8d7-e66325d809c3  |t 0 
952 f f |a Texas A&M University  |b College Station  |c Electronic Resources  |d Available Online  |t 0  |e QC174.12 .S73 2009  |h Library of Congress classification 
998 f f |a QC174.12 .S73 2009  |t 0  |l Available Online